Optimizing project work, management, and delivery / Gary L. Richardson and Brad M. Jackson. (Record no. 22424)

000 -LEADER
fixed length control field 00887nam a22002057a 4500
020 ## - INTERNATIONAL STANDARD BOOK NUMBER
ISBN 9781032493664
082 ## - DEWEY DECIMAL CLASSIFICATION NUMBER
Classification number 658.404
Item number R522o 2024
100 ## - MAIN ENTRY--AUTHOR NAME
Personal name Richardson, Gary L., author.
245 ## - TITLE STATEMENT
Title Optimizing project work, management, and delivery / Gary L. Richardson and Brad M. Jackson.
250 ## - EDITION STATEMENT
Edition statement First edition.
260 ## - PUBLICATION, DISTRIBUTION, ETC. (IMPRINT)
Place of publication Boca Raton, FL :
Name of publisher CRC Press,
Year of publication c2024.
300 ## - PHYSICAL DESCRIPTION
Number of Pages 1 online resource, xxiii, 243 pages :
Other physical details illustrations (some color).
500 ## - GENERAL NOTE
General note Includes bibliographical references and index.
520 ## - SUMMARY, ETC.
Summary, etc The book examines the limitations of traditional project management models and proposes an integrated, decision-oriented framework tailored to project characteristics and delivery goals.
650 ## - SUBJECT ADDED ENTRY--TOPICAL TERM
Topical Term Project management.
650 ## - SUBJECT ADDED ENTRY--TOPICAL TERM
Topical Term Industrial management .
650 ## - SUBJECT ADDED ENTRY--TOPICAL TERM
Topical Term Operations management.
700 ## - ADDED ENTRY--PERSONAL NAME
Personal name Brad M. Jackson., author.
942 ## - ADDED ENTRY ELEMENTS (KOHA)
Koha item type Electronic Books
Holdings
Source of acquisition Permanent Location Date acquired Collection code Koha item type Lost status Shelving location Withdrawn status Current Location Full call number
Donation Cagayan State University - Carig Library2026-04-15E-BooksElectronic Books E-Resource Section Cagayan State University - Carig Library658.404 R522o

Cagayan State University University Library, Carig Campus
Tuguegarao City, Cagayan 3500 | www.csucarig.edu.ph

Powered by Koha